000 00377cam a2200157ua 4500
041 _aeng
_h
082 _a828.09
_bHAR/ED
100 _aHardie, Alec M .
245 _aEdmund Blunden /
_cAlec M Hardie.
_hTextual Documents
250 _a1 /
_b.
260 _aLondon :
_bLongman Green and Co ,
_c1958.
300 _a43 ; .
504 _a
942 _cBK
999 _c6680
_d6680